000 01313nam0a22003371 4500
001 rc\2272748
005 20110829191116.4
035 _a(NLR Aleph) 006553463
090 _a6765755
_c6765755
100 _a20110829d1979 |||y0rusy50 ca
101 0 _arus
102 _aRU
105 _aa z |||||
200 1 _aАкцессорные минералы гранитоидов Кольского полуострова
210 _aЛенинград
_cНаука. Ленингр. отд-ние
_d1979
215 _a185 с., 2 л. табл.
_cил.
_d21
300 _aВ надзаг.: АН СССР, Кол. фил. им. С.М. Кирова, Геол. ин-т
320 _aБиблиогр.: с. 181-184
606 _aМинералы акцессорные
_yКольский п-ов
_2psbo
606 _aГранитоиды
_xМинералогический состав
_yКольский п-ов
_2psbo
686 _aД340.42...,0
_2rubbk
686 _aД9(2Р31-4Му)342...,0
_2rubbk
686 _aД342.16-42...,0
_2rubbk
700 1 _aБельков
_bИ. В.
_f1917-1989
_gИгорь Владимирович
801 0 _aRU
_bNLR
_gpsbo
801 1 _aRU
_bELAR
_2rusmarc
852 _aNLR
_j79-5/5555
899 _aRuMoRGB
_jБ 79-30/9
899 _aRuMoRGB
_jБ 79-30/10
942 _cBOOK
980 _aNB